The school curriculum /

Saved in:
Bibliographic Details
Main Author: Richmond, William Kenneth, 1910-
Format: Book
Language:English
Published: London : Methuen, [1971].
Subjects:
LEADER 01102nam a2200265 i 4500
001 c000259099
003 CARM
005 00000000000000.0
008 840313s1971 enk 0 eng d
019 1 |a 564308  |z 21836410  |z 40257251  |z 23665152  |z 27502872  |5 LACONCORD2021 
020 |a 0416147402 (hbk) :  |c £2.75 
020 |a 0416657605(pbk. 
035 |a (OCoLC)144024  |5 LACONCORD2021 
082 0 4 |a 375 
100 1 |a Richmond, William Kenneth,  |d 1910- 
245 1 4 |a The school curriculum /  |c [by] W. Kenneth Richmond. 
260 |a London :  |b Methuen,  |c [1971]. 
300 |a viii, 279 p. :  |b ill ;  |c 23 cm. 
500 |a "Distributed in the U.S.A. by Barnes & Noble, inc.". 
650 0 |a Curriculum planning. 
852 8 |b CARM  |h A1:AP04A0  |i B07238  |p 0369585  |f BK 
852 8 |b CARM  |h A1:AP29G0  |i B07936  |p 0353931  |f BK 
999 f f |i 63a0c8e0-9e32-5224-88ea-d393cb75fee8  |s 13e781ea-e325-5b3d-82fe-6394fff25a3a 
952 f f |p Can circulate  |a CAVAL  |b CAVAL  |c CAVAL  |d CARM 1 Store  |e B07936  |f A1:AP29G0  |h Other scheme  |i book  |m 0353931 
952 f f |p Can circulate  |a CAVAL  |b CAVAL  |c CAVAL  |d CARM 1 Store  |e B07238  |f A1:AP04A0  |h Other scheme  |i book  |m 0369585